000 00218nam a22000857a 4500
008 170218b xxu||||| |||| 00| 0 eng d
100 _92907
_aGandhi.P
245 _aBusiness Studies XI,XII
260 _aNew Delhi
_bDhanpat
_c2012
999 _c6142
_d6142